669 pt 2 #13 (BU$HI) - Statistiques

Statistiques générales
  • Ce quiz a été pris 4 fois
  • Le résultat moyen est 88 sur 106
Statistiques - réponses
Hint Réponse % Correct
6.6.9
100%
baskets
100%
bien
100%
billets
100%
boycotte
100%
ça
100%
Couplet 13 (BU$HI) Ces
100%
ces
100%
coffre
100%
de
100%
des
100%
et
100%
euros
100%
fais
100%
fake
100%
fort
100%
ils
100%
je
100%
le
100%
Les
100%
les
100%
me
100%
même
100%
mon
100%
morts
100%
ne
100%
négros
100%
paire
100%
parce
100%
pas
100%
poto
100%
putes
100%
que
100%
qu't'es
100%
sais
100%
si
100%
sont
100%
soulève
100%
très
100%
un
100%
vraiment
100%
y'a
100%
Y'a
100%
zéro
100%
chèque
67%
comme
67%
coup
67%
d'Thor
67%
du
67%
frères
67%
grossir
67%
heureux
67%
J'ai
67%
j'étais
67%
j'fais
67%
j'te
67%
Maintenant
67%
marteau
67%
personne
67%
quand
67%
qui
67%
rend
67%
ta
67%
vois
67%
avec
33%
faut
33%
Hefner
33%
Hugh
33%
KGB
33%
nous
33%
pétasses
33%
pluggé
33%
Poutine
33%
qu't'allonges
33%
restent
33%
Rien
33%
studio
33%
voient
33%
Au
0%
Aucun quiz correspondant
Distribution des résultats
% des personnes avec chaque résultat
Percentile par nombre de réponses
Votre historique - résultats
Vous n’avez pas pris ce quiz